000 00420nam a2200157 i 4500
001 88482
003 ES-MaACL
005 20230906175852.0
007 t|
008 050104s1924 fr ||||1| fre d
100 1 _aLandormy, Paul.
_969966
245 1 0 _aHistoire de la musique /
_cPaul Landormy.
260 _aParis :
_b[s.n.,
_c1925] (
_eCorbeil :
_fCrété)
300 _a470 p. ;
_c18 cm.
852 _aES-MaACL
_jF-1065
999 _c88482
_d88482